Kehidupan beragama di Daerah Istimewa Atjeh. (Record no. 88927)
[ view plain ]
| 000 -LEADER | |
|---|---|
| fixed length control field | 00697cam a22002171 4500 |
| 001 - CONTROL NUMBER | |
| control field | sa 68019499 |
| 003 - CONTROL NUMBER IDENTIFIER | |
| control field | DLC |
| 005 - DATE AND TIME OF LATEST TRANSACTION | |
| control field | 20260227112718.0 |
| 008 - FIXED-LENGTH DATA ELEMENTS--GENERAL INFORMATION | |
| fixed length control field | 860821s1967 io 000 0 ind |
| 010 ## - LIBRARY OF CONGRESS CONTROL NUMBER | |
| LC control number | sa 68019499 |
| 035 ## - SYSTEM CONTROL NUMBER | |
| System control number | (OCoLC)14120578 |
| 040 ## - CATALOGING SOURCE | |
| Original cataloging agency | DLC |
| Transcribing agency | CU |
| Modifying agency | CU |
| -- | DLC |
| 042 ## - AUTHENTICATION CODE | |
| Authentication code | premarc |
| 043 ## - GEOGRAPHIC AREA CODE | |
| Geographic area code | a-io--- |
| 050 00 - LIBRARY OF CONGRESS CALL NUMBER | |
| Classification number | BL2120.S8 |
| Item number | A84 |
| 110 1# - MAIN ENTRY--CORPORATE NAME | |
| Corporate name or jurisdiction name as entry element | Aceh (Indonesia). |
| Subordinate unit | Dewan Perwakilan Rakjat Daerah Gotong-Rojong. |
| 245 10 - TITLE STATEMENT | |
| Title | Kehidupan beragama di Daerah Istimewa Atjeh. |
| 260 ## - PUBLICATION, DISTRIBUTION, ETC. | |
| Place of publication, distribution, etc. | [Banda Atjeh] |
| Name of publisher, distributor, etc. | Secretariat DPRD-GR Propinsi Daerah Istimewa Atjeh |
| Date of publication, distribution, etc. | [1967?] |
| 300 ## - PHYSICAL DESCRIPTION | |
| Extent | 150 p. |
| Dimensions | 33 cm. |
| 651 #0 - SUBJECT ADDED ENTRY--GEOGRAPHIC NAME | |
| Geographic name | Nanggroe Aceh Darussalam (Indonesia) |
| General subdivision | Religious life and customs. |
No items available.